Statistiche per Paesi più vicini al Kuwait

Clicka qui per fare il quiz!

Statistiche generali

  • Questo quiz è stato fatto 35 volte
  • Il punteggio medio è 17 su 20

Statistiche sulle risposte

kmnazione% Corretto
0Iraq
100%
776Giordania
97%
20Iran
97%
1106Yemen
97%
0Arabia Saudita
94%
807Oman
94%
761Siria
94%
1093Israele
91%
1207Afghanistan
88%
560Emirati Arabi Uniti
88%
1099Libano
88%
1207Pakistan
85%
379Qatar
85%
815Turchia
85%
322Bahrain
82%
983Armenia
79%
975Turkmenistan
79%
1132Egitto
76%
928Azerbaijan
73%
1096Palestina
55%

Distribuzione punteggi

Percentile per numero di risposta

Percentuale di utenti per punteggio

I tuoi punteggi nel tempo

Non hai fatto questo quiz